Varovné a varující Ekonomické porovnání s EU
Hlavné ukazovatele z oblasti produktivity, konkurencieschopnosti a životnej úrovne (7 ukazovateľov). Charakteristika jednotlivých ukazovateľov. Príčiny nízkej produktivity. Pracovná sila a konkurencieschopnosť alebo komparatívnosť. Životná úroveň obyvateľstva v ČR v porovnaní s krajinami EÚ.
Salvato in:
| Autore principale: | |
|---|---|
| Natura: | Capitolo di libro |
| Lingua: | ceco |
| Soggetti: | |
| Tags: |
Nessun Tag, puoi essere il primo ad aggiungerne!!
|
MARC
| LEADER | 00000naa a2200000 4500 | ||
|---|---|---|---|
| 001 | r024717 | ||
| 005 | 20220713122022.0 | ||
| 041 | 0 | |a cze | |
| 044 | |a CZ | ||
| 245 | 1 | 0 | |a Varovné a varující |b Ekonomické porovnání s EU |c Milan Matějka |
| 520 | |a Hlavné ukazovatele z oblasti produktivity, konkurencieschopnosti a životnej úrovne (7 ukazovateľov). Charakteristika jednotlivých ukazovateľov. Príčiny nízkej produktivity. Pracovná sila a konkurencieschopnosť alebo komparatívnosť. Životná úroveň obyvateľstva v ČR v porovnaní s krajinami EÚ. | ||
| 610 | 2 | 0 | |a produktivita |
| 610 | 2 | 0 | |a konkurencieschopnosť |
| 610 | 2 | 0 | |a úroveň životná |
| 610 | 2 | 0 | |a Česko |
| 610 | 2 | 0 | |a Európska únia |
| 610 | 2 | 0 | |a ukazovatele ekonomické |
| 610 | 2 | 0 | |a porovnanie medzinárodné |
| 100 | 1 | |a Matějka, Milan | |